000 00986nam a2200241Ia 4500
005 20250622124033.0
008 250617s9999||||xx |||||||||||||| ||ara||
017 _a2023/22504
_bمصر. دار الكتب
020 _a9789778974195
082 0 4 _a"726,2"
_bع م
100 0 _aعبدالله كامل موسى عبده
245 1 0 _aموسوعة المنارات :
_bالمنارات فى العمارة المصرية والعالم الإسلامى حتى نهاية العصر المملوكى البحرى /
_cعبدالله كامل موسى عبده
250 _aط1
260 3 _aالإسكندرية :
_b"دار الوفاء لدنيا الطباعة والنشر،"
_c2025.
300 _a556ص :
_bلوحات ؛
_c24سم.
650 _aالآثار الإسلامية
650 _aالعمارة الإسلامية
650 _aالفن الإسلامى
650 _aالمآذن
650 _aالمساجد
942 _cBK
999 _c67606
_d67606